Study Guide for Speaking Professionally Module 3 Lesson 11-17 (Record no. 7678)

MARC details
000 -LEADER
fixed length control field 00267nam a2200097 4500
100 ## - MAIN ENTRY--AUTHOR NAME
Personal name Thorpe, Dale A.
245 ## - TITLE STATEMENT
Title Study Guide for Speaking Professionally Module 3 Lesson 11-17
260 ## - PUBLICATION, DISTRIBUTION, ETC. (IMPRINT)
Place of publication USA:
Name of publisher Lingua Marketing International,
Year of publication 1993.
300 ## - PHYSICAL DESCRIPTION
Number of Pages 111p. ;
942 ## - ADDED ENTRY ELEMENTS (KOHA)
Koha item type Books
Holdings
Withdrawn status Lost status Home library Current library Date acquired Accession Number Koha item type
    Seminar Library, Mathematics & Statis. Seminar Library, Mathematics & Statis. 30/06/2014 24812 Books